Materials and components of interior architecture / (Record no. 8460)
[ view plain ]
| 000 -LEADER | |
|---|---|
| fixed length control field | 00841cam a22002537i 4500 |
| 001 - CONTROL NUMBER | |
| control field | 17587890 |
| 005 - DATE AND TIME OF LATEST TRANSACTION | |
| control field | 20251129161543.0 |
| 008 - FIXED-LENGTH DATA ELEMENTS--GENERAL INFORMATION | |
| fixed length control field | 130111s2013 njuao b 001 0 eng |
| 020 ## - INTERNATIONAL STANDARD BOOK NUMBER | |
| International Standard Book Number | 9780132769150 |
| Qualifying information | pbk. : alk. paper |
| 020 ## - INTERNATIONAL STANDARD BOOK NUMBER | |
| International Standard Book Number | 0132769158 |
| Qualifying information | pbk. : alk. paper |
| 050 00 - LIBRARY OF CONGRESS CALL NUMBER | |
| Classification number | TA403 |
| Item number | .R525 2013 |
| 082 00 - DEWEY DECIMAL CLASSIFICATION NUMBER | |
| Classification number | 698 |
| Edition information | 23 |
| 100 1# - MAIN ENTRY--PERSONAL NAME | |
| Personal name | Riggs, J. Rosemary. |
| 245 10 - TITLE STATEMENT | |
| Title | Materials and components of interior architecture / |
| Statement of responsibility, etc. | J. Rosemary Riggs. |
| 250 ## - EDITION STATEMENT | |
| Edition statement | Eighth edition. |
| 260 ## - PUBLICATION, DISTRIBUTION, ETC. | |
| Place of publication, distribution, etc. | Boston |
| Name of publisher, distributor, etc. | Pearson |
| Date of publication, distribution, etc. | 2013 |
| 300 ## - PHYSICAL DESCRIPTION | |
| Extent | 243 pages : |
| Other physical details | illustrations (some colour) ; |
| Dimensions | 28 cm |
| 500 ## - GENERAL NOTE | |
| General note | Includes bibliographical references (page 226) and index. |
| 650 #0 - SUBJECT ADDED ENTRY--TOPICAL TERM | |
| Topical term or geographic name entry element | Building materials. |
| 650 #0 - SUBJECT ADDED ENTRY--TOPICAL TERM | |
| Topical term or geographic name entry element | Household appliances. |
| 650 #0 - SUBJECT ADDED ENTRY--TOPICAL TERM | |
| Topical term or geographic name entry element | Plumbing |
| General subdivision | Equipment and supplies. |
| 650 #0 - SUBJECT ADDED ENTRY--TOPICAL TERM | |
| Topical term or geographic name entry element | Interior decoration. |
| 942 ## - ADDED ENTRY ELEMENTS (KOHA) | |
| Source of classification or shelving scheme | Library of Congress Classification |
| Koha item type | Books |
| Edition | 8th ed. |
| Suppress in OPAC | No |
| 999 ## - | |
| -- | 8460 |
| -- | 8460 |
| Withdrawn status | Lost status | Source of classification or shelving scheme | Damaged status | Not for loan | Collection | Home library | Current library | Shelving location | Date acquired | Total checkouts | Full call number | Barcode | Date last seen | Copy number | Price effective from | Koha item type |
|---|---|---|---|---|---|---|---|---|---|---|---|---|---|---|---|---|
| Library of Congress Classification | Non-fiction | Science Library (Miotso) | Science Library (Miotso) | General stacks | 11/29/2025 | TA403 .R525 RIG | SLM00006476 | 11/29/2025 | 1 | 11/29/2025 | Books | |||||
| Library of Congress Classification | Non-fiction | Science Library (Miotso) | Science Library (Miotso) | General stacks | 11/29/2025 | TA403 .R525 RIG | SLM00006477 | 11/29/2025 | 2 | 11/29/2025 | Books | |||||
| Library of Congress Classification | Non-fiction | Science Library (Miotso) | Science Library (Miotso) | General stacks | 11/29/2025 | TA403 .R525 RIG | SLM00006478 | 11/29/2025 | 3 | 11/29/2025 | Books | |||||
| Library of Congress Classification | Non-fiction | Science Library (Miotso) | Science Library (Miotso) | General stacks | 11/29/2025 | TA403 .R525 RIG | SLM00006479 | 11/29/2025 | 4 | 11/29/2025 | Books | |||||
| Library of Congress Classification | Non-fiction | Science Library (Miotso) | Science Library (Miotso) | General stacks | 11/29/2025 | TA403 .R525 RIG | SLM00006480 | 11/29/2025 | 5 | 11/29/2025 | Books |